00355nam a2200109Ia 4500082000800000245001800008100003300026942003000059008004100089999001900130952009600149 aFER 0aOnsterflikes  aFerreira, Jeanette 9105426 cBKy296zPhillipina Naude210825s9999 xx 000 0 und d c547580d547579 00104070aMBUZLbMBUZLd2021-08-25g100.00l0p33228015541632r2021-08-25w2021-08-25yBK